Demonyms of British Cities - Statistics

General Stats
  • This quiz has been taken 151 times
  • The average score is 6 of 22
Answer Stats
City Demonym % Correct
London Londoner
94%
Manchester Mancunian or Manc
85%
Birmingham Brummie
82%
Liverpool Liverpudlian or Scouser
81%
Glasgow Glaswegian or Weegie
70%
Newcastle upon Tyne Novocastrian or Geordie
59%
Oxford Oxonian
19%
Derry Derrian
18%
Sunderland Mackem
17%
Edinburgh Edinburger
16%
Dundee Dundonian
15%
Cambridge Cantabrigian
12%
Swansea Jack
12%
Southampton Sotonian
11%
Shrewsbury Salopian
10%
Leeds Loiner or Leodensian
8%
Cork Corkonian or Leesider
7%
Chester Cestrian
6%
Plymouth Plymothian or Janner
5%
Wolverhampton Wulfrunian
4%
Cheltenham Cheltonian
2%
Exeter Exonian
2%
No matching quizzes found
Score Distribution
Percent of People with Each Score
Percentile by Number Answered
Your Score History
You have not taken this quiz